00504nam a2200157Ia 450000500170000000800410001708200130005810000210007124500200009226000480011230000120016050000550017294200060022795200980023399900150033120250606003055.0240331s9999 xx 000 0 und d bPUNa303 aPunchihewa, S.G. 0aThalena gammana aSri LankabDemocratic Rights Movementc1998 a42 p ., aThere is little information on war - torn villages cL 001040708LaWERCLbWERCLcSSCd2024-03-31l0o 303.83 PUNp2723r2024-03-31w2024-03-31yL c1335d1335